Statistics for Closest country acrostics- V, Y, and Z countries

Click here to take the quiz!

General Stats

  • This quiz has been taken 428 times
  • The average score is 43 of 51

Answer Stats

HintAnswer% Correct
VVietnam
97%
NNauru
96%
AAustralia
95%
IItaly
93%
TTuvalu
91%
VVenezuela
91%
YYemen
91%
VVanuatu
90%
ZZambia
90%
ZZambia
90%
ZZimbabwe
90%
AAustria
89%
CCroatia
89%
EEcuador
89%
AAngola
88%
BBotswana
88%
BBotswana
88%
AAlbania
87%
AAngola
87%
AAntigua and Barbuda
87%
IIndia
87%
TThailand
87%
EEritrea
86%
NNicaragua
86%
TTunisia
86%
UUnited States
86%
UUzbekistan
86%
VVatican City
86%
NNetherlands
85%
IIreland
84%
MMalawi
84%
TTurkey
84%
EEast Timor
83%
EEl Salvador
83%
EEthiopia
83%
EEthiopia
83%
MMalawi
83%
MMalaysia
82%
CCzech Republic
81%
NNepal
81%
AAfghanistan
80%
UUruguay
80%
BBurundi
79%
AAfghanistan
77%
LLiberia
77%
IIsrael
76%
IIsrael
75%
NNigeria
73%
EEquatorial Guinea
71%
MMaldives
70%
AAlbania
57%

Score Distribution

Percentile by Number Answered

Percent of People with Each Score

Your Score History

You have not taken this quiz